[Event "Rheinland Pfalz op Seniors 16th"]
[Site "Neustadt an der Weinstrasse"]
[Date "2018.07.14"]
[Round "8"]
[White "Niebling, Ferdinand"]
[Black "Hauck, Bernd"]
[Result "1-0"]
[WhiteElo "2065"]
[BlackElo "1748"]
[PlyCount "97"]
[EventDate "2018.07.07"]
[EventType "swiss"]
[EventRounds "9"]
[EventCountry "GER"]
[SourceTitle "EXT 2019"]
[Source "ChessBase"]
[SourceDate "2018.10.10"]
[SourceVersion "1"]
[SourceVersionDate "2018.10.10"]
[SourceQuality "1"]

1. c4 Nf6 2. Nc3 g6 3. e4 d6 4. d4 Bg7 5. f4 0-0 6. Nf3 c5 7. dxc5 dxc5 8. Qxd8 Rxd8 9. e5 Ne8 10. Be3 b6 11. Be2 Bb7 12. 0-0 Nc6 13. Rfd1 Nc7 14. a3 h6 15. Nd5 Ne6 16. Kf2 Kf8 17. g4 Ncd4 18. Nxd4 cxd4 19. Bd2 Nc5 20. Bb4 e6 21. Nc7 Rac8 22. Nb5 Kg8 23. Bxc5 bxc5 24. Nxa7 Ra8 25. Nb5 Bc6 26. Bf3 Bxf3 27. Kxf3 f6 28. Nc7 Rab8 29. Nxe6 Rb3+ 30. Kg2 Rxb2+ 31. Kg1 Rc8 32. Rab1 Rcb8 33. Rxb2 Rxb2 34. Nxc5 fxe5 35. Nd3 Re2 36. Nxe5 Bxe5 37. fxe5 Rxe5 38. Rxd4 Re1+ 39. Kf2 Ra1 40. Rd6 Kf7 41. Ra6 Rc1 42. Ra4 Kf6 43. Ke3 Kg5 44. Kd2 Rh1 45. c5 Rxh2+ 46. Kd3 Rh4 47. c6 Rh1 48. c7 Rd1+ 49. Kc2 1-0

[Event "Schleswig Holstein-ch Seniors op 11th"]
[Site "Buesum"]
[Date "2017.09.10"]
[Round "3"]
[White "Niebling, Ferdinand"]
[Black "Juergens, Peter1111"]
[Result "1-0"]
[WhiteElo "2059"]
[BlackElo "1893"]
[PlyCount "88"]
[EventDate "2017.09.08"]
[EventType "swiss"]
[EventRounds "9"]
[EventCountry "GER"]
[SourceTitle "EXT 2019"]
[Source "ChessBase"]
[SourceDate "2018.10.10"]
[SourceVersion "1"]
[SourceVersionDate "2018.10.10"]
[SourceQuality "1"]

1. d4 e6 2. c4 Nf6 3. Nc3 Bb4 4. f3 c5 5. d5 d6 6. e4 exd5 7. cxd5 0-0 8. Bd3 Nbd7 9. Nge2 Ne5 10. 0-0 c4 11. Bc2 Bc5+ 12. Kh1 Bd7 13. Bg5 h6 14. Bh4 Ng6 15. Bg3 b5 16. Nd4 Qb6 17. Nf5 Rfe8 18. a3 Ne7 19. Nxe7+ Rxe7 20. Qd2 Nh5 21. Bf2 Bxf2 22. Qxf2 Qxf2 23. Rxf2 Ree8 24. g3 Nf6 25. Kg2 a5 26. Ne2 b4 27. axb4 axb4 28. Rxa8 Rxa8 29. Nd4 Ra2 30. Bb1 Ra1 31. Rf1 Kf8 32. Kf2 Ke7 33. Nc2 Ra8 34. Rc1 Rb8 35. Ne3 c3 36. bxc3 bxc3 37. Bd3 Rb2+ 38. Rc2 g6 39. Rxb2 cxb2 40. Nd1 Bb5 41. Nxb2 Bxd3 42. Nxd3 Nd7 43. Ke3 g5 44. Kd4 f6 1-0

[Event "GER-chA Seniors 28th"]
[Site "Niederhausen"]
[Date "2016.08.19"]
[Round "7"]
[White "Zimmermann, Manfred"]
[Black "Niebling, Ferdinand"]
[Result "0-1"]
[WhiteElo "1966"]
[BlackElo "2108"]
[PlyCount "58"]
[EventDate "2016.08.13"]
[EventType "swiss"]
[EventRounds "9"]
[EventCountry "GER"]
[SourceTitle "EXT 2019"]
[Source "ChessBase"]
[SourceDate "2018.10.10"]
[SourceVersion "1"]
[SourceVersionDate "2018.10.10"]
[SourceQuality "1"]

1. d4 f5 2. Nc3 Nf6 3. Bg5 d5 4. Bxf6 exf6 5. g3 Be6 6. Bg2 c6 7. e3 Bd6 8. Nge2 Nd7 9. a3 0-0 10. 0-0 Nb6 11. b3 a5 12. a4 Re8 13. Nf4 Bf7 14. Nd3 Qe7 15. Bh3 g6 16. Re1 Nd7 17. Bg2 Nf8 18. Ne2 Ne6 19. c4 Ng5 20. cxd5 Bxd5 21. Bxd5+ cxd5 22. Nc3 Rac8 23. Nxd5 Qe6 24. h4 Qxd5 25. hxg5 fxg5 26. Nb2 f4 27. g4 Bb4 28. Rf1 f3 29. Rc1 Qe4 0-1

[Event "WchT Seniors 65"]
[Site "Radebeul"]
[Date "2016.06.30"]
[Round "5.3"]
[White "Baumbach, Friedrich"]
[Black "Niebling, Ferdinand"]
[Result "1-0"]
[WhiteElo "2193"]
[BlackElo "2132"]
[PlyCount "57"]
[EventDate "2016.06.26"]
[EventType "team-swiss"]
[EventRounds "9"]
[EventCountry "GER"]
[SourceTitle "CBM 173 Extra"]
[Source "ChessBase"]
[SourceDate "2016.08.29"]
[SourceVersion "1"]
[SourceVersionDate "2016.08.29"]
[SourceQuality "1"]
[WhiteTeam "Stiftung BSW/DBAG"]
[BlackTeam "Hessen II"]
[WhiteTeamCountry "GER"]
[BlackTeamCountry "GER"]

1. d4 f5 2. Nf3 Nf6 3. g3 g6 4. Bg2 Bg7 5. 0-0 d6 6. c4 0-0 7. Nc3 Qe8 8. d5 c6 9. Nd4 Bd7 10. Qb3 c5 11. Ne6 Bxe6 12. Qxb7 Bc8 13. Qxa8 Na6 14. Qc6 Qd8 15. Qa4 Ng4 16. h3 Ne5 17. Bf4 Nd7 18. Bd2 Nb6 19. Qb3 Bd7 20. Nb5 Qb8 21. a4 h6 22. Bc3 Re8 23. Bxg7 Kxg7 24. Qc3+ Kh7 25. b3 Nb4 26. Rae1 Bxb5 27. axb5 e5 28. dxe6 Rxe6 29. e4 1-0

[Event "GER-chA Seniors 27th"]
[Site "Magdeburg"]
[Date "2015.08.17"]
[Round "3"]
[White "Niebling, Ferdinand"]
[Black "Krotofil, Kurt"]
[Result "1-0"]
[WhiteElo "2146"]
[BlackElo "1925"]
[PlyCount "75"]
[EventDate "2015.08.15"]
[EventType "swiss"]
[EventRounds "9"]
[EventCountry "GER"]
[SourceTitle "EXT 2018"]
[Source "ChessBase"]
[SourceDate "2017.10.13"]
[SourceVersion "1"]
[SourceVersionDate "2017.10.13"]
[SourceQuality "1"]

1. d4 Nf6 2. c4 c5 3. d5 b5 4. cxb5 a6 5. bxa6 Bxa6 6. Nc3 d6 7. e4 Bxf1 8. Kxf1 g6 9. Nge2 Bg7 10. h3 0-0 11. Be3 Nbd7 12. Rb1 Qa5 13. Kg1 Rfb8 14. Kh2 Ne5 15. b3 Rb7 16. Qd2 Rab8 17. f4 Ned7 18. Rhd1 Ne8 19. Qc2 Nc7 20. Bd2 Qa7 21. a4 Na6 22. Nb5 Qb6 23. Bc3 Bxc3 24. Qxc3 Nc7 25. Nxc7 Qxc7 26. Rdc1 Rb4 27. Nd4 R8b7 28. Nb5 Qb8 29. Qd3 Nf6 30. Rc4 Rxc4 31. bxc4 Ne8 32. Qc3 Qa8 33. a5 Qa6 34. e5 Qa8 35. Re1 f6 36. exd6 exd6 37. Rxe8+ Qxe8 38. Nxd6 1-0

[Event "GER-chA Seniors 27th"]
[Site "Magdeburg"]
[Date "2015.08.15"]
[Round "1"]
[White "Niebling, Ferdinand"]
[Black "Zimmermann, Manfred"]
[Result "1-0"]
[WhiteElo "2146"]
[BlackElo "1957"]
[PlyCount "59"]
[EventDate "2015.08.15"]
[EventType "swiss"]
[EventRounds "9"]
[EventCountry "GER"]
[SourceTitle "EXT 2018"]
[Source "ChessBase"]
[SourceDate "2017.10.13"]
[SourceVersion "1"]
[SourceVersionDate "2017.10.13"]
[SourceQuality "1"]

1. d4 Nf6 2. c4 e6 3. Nc3 Bb4 4. f3 c5 5. d5 d6 6. e4 e5 7. Bd3 0-0 8. Nge2 Nh5 9. Be3 Qh4+ 10. Kd2 Qd8 11. g4 Nf6 12. Ng3 a6 13. a4 Bd7 14. Nf5 Ne8 15. h4 Kh8 16. Qg1 Qa5 17. h5 Bxa4 18. Bc2 b5 19. Bxa4 bxa4 20. g5 Ra7 21. g6 fxg6 22. hxg6 h6 23. Qg5 Rxf5 24. Qxf5 Kg8 25. Qc8 Re7 26. Qxb8 Kf8 27. Qc8 a3 28. Qf5+ Nf6 29. Bxh6 Qa4 30. Qxf6+ 1-0

[Event "GER-chA Seniors 26th"]
[Site "Bad Neuenahr"]
[Date "2014.08.12"]
[Round "8"]
[White "Niebling, Ferdinand"]
[Black "Jacob, Helmut"]
[Result "1-0"]
[WhiteElo "2106"]
[BlackElo "2146"]
[PlyCount "49"]
[EventDate "2014.08.05"]
[EventType "swiss"]
[EventRounds "9"]
[EventCountry "GER"]
[SourceTitle "EXT 2018"]
[Source "ChessBase"]
[SourceDate "2017.10.13"]
[SourceVersion "1"]
[SourceVersionDate "2017.10.13"]
[SourceQuality "1"]

1. d4 f5 2. Nc3 e6 3. e4 fxe4 4. Nxe4 Nf6 5. Bg5 Be7 6. Bxf6 Bxf6 7. Nf3 d5 8. Nxf6+ Qxf6 9. Bd3 Nc6 10. 0-0 Bd7 11. c3 0-0-0 12. Re1 Rdf8 13. b4 g5 14. b5 Ne7 15. Qd2 h6 16. a4 Kb8 17. Ne5 Bc8 18. a5 h5 19. b6 Qf4 20. Qb2 g4 21. a6 cxb6 22. axb7 Kxb7 23. Qa3 Nc6 24. Nxc6 Kxc6 25. Bb5+ 1-0

[Event "Hessen-ch Seniors op 10th"]
[Site "Bad Sooden-Allendorf"]
[Date "2014.05.02"]
[Round "7"]
[White "Niebling, Ferdinand"]
[Black "Kuehn, Peter1111"]
[Result "1/2-1/2"]
[WhiteElo "2127"]
[BlackElo "1973"]
[PlyCount "57"]
[EventDate "2014.04.26"]
[EventType "swiss"]
[EventRounds "9"]
[EventCountry "GER"]
[SourceTitle "EXT 2018"]
[Source "ChessBase"]
[SourceDate "2017.10.13"]
[SourceVersion "1"]
[SourceVersionDate "2017.10.13"]
[SourceQuality "1"]

1. d4 f5 2. Nc3 d5 3. Bg5 Nf6 4. Bxf6 exf6 5. e3 c6 6. Bd3 Qb6 7. a3 Bd6 8. Nge2 g6 9. h4 h5 10. 0-0 Qc7 11. Qd2 Kf7 12. Nf4 Bxf4 13. exf4 Be6 14. Rfe1 Nd7 15. Re2 Rae8 16. Rae1 Nb6 17. b3 Bd7 18. Nd1 Rxe2 19. Rxe2 Nc8 20. c4 Nd6 21. f3 Re8 22. c5 Rxe2 23. Bxe2 Ne8 24. b4 b5 25. Nc3 Qb7 26. Kf2 Nc7 27. g3 Ne6 28. Bd1 Qb8 29. Bc2 1/2-1/2

[Event "Hessen-ch Seniors op 09th"]
[Site "Bad Sooden-Allendorf"]
[Date "2013.04.20"]
[Round "1"]
[White "Niebling, Ferdinand"]
[Black "Vladov, Mark"]
[Result "1-0"]
[WhiteElo "2181"]
[BlackElo "1825"]
[PlyCount "57"]
[EventDate "2013.04.20"]
[EventType "swiss"]
[EventRounds "9"]
[EventCountry "GER"]
[SourceTitle "EXT 2019"]
[Source "ChessBase"]
[SourceDate "2018.10.10"]
[SourceVersion "1"]
[SourceVersionDate "2018.10.10"]
[SourceQuality "1"]

1. d4 Nf6 2. c4 g6 3. Nc3 Bg7 4. e4 d6 5. f4 0-0 6. Nf3 c5 7. dxc5 dxc5 8. Qxd8 Rxd8 9. e5 Ne8 10. Be3 b6 11. Be2 Nc6 12. 0-0 Bg4 13. h3 Be6 14. Ng5 Bc8 15. Bf3 Bb7 16. Nd5 Rd7 17. Rad1 Rad8 18. e6 fxe6 19. Nxe6 Rb8 20. Bg4 h5 21. Nxg7 hxg4 22. Nxe8 Rxe8 23. Nf6+ exf6 24. Rxd7 Ba8 25. Bf2 Re2 26. Re1 Rxe1+ 27. Bxe1 gxh3 28. gxh3 a6 29. Rc7 1-0

[Event "GER-chT Seniors 21st"]
[Site "Berlin"]
[Date "2012.09.16"]
[Round "7.29"]
[White "Gruzmann, Boris"]
[Black "Niebling, Ferdinand"]
[Result "1-0"]
[WhiteElo "2308"]
[BlackElo "2053"]
[PlyCount "81"]
[EventDate "2012.09.10"]
[EventType "team-swiss"]
[EventRounds "7"]
[EventCountry "GER"]
[SourceTitle "CBM 150 Extra"]
[Source "ChessBase"]
[SourceDate "2012.10.19"]
[SourceVersion "1"]
[SourceVersionDate "2012.10.19"]
[SourceQuality "1"]
[WhiteTeam "Berlin Seniors II"]
[BlackTeam "Hessen Seniors II"]
[WhiteTeamCountry "GER"]
[BlackTeamCountry "GER"]

1. e4 e6 2. d4 d5 3. e5 c5 4. c3 Nc6 5. Nf3 Bd7 6. Be2 Qb6 7. 0-0 f6 8. dxc5 Bxc5 9. b4 Be7 10. Bf4 fxe5 11. Nxe5 Nxe5 12. Bxe5 Bf6 13. Bd3 g6 14. Qe2 Qd8 15. Na3 a6 16. Rac1 Nh6 17. c4 0-0 18. Bd6 Re8 19. f4 Nf7 20. Bc5 Bc6 21. Rfd1 b6 22. Bf2 Qd6 23. Nc2 e5 24. cxd5 exf4 25. dxc6 Rxe2 26. Bxe2 Qe6 27. Bf3 Kg7 28. Nd4 Qe7 29. c7 Rc8 30. Bg4 Nd6 31. Rc6 Ne4 32. Bxc8 Nxf2 33. Ne6+ Kh6 34. Kxf2 Qxb4 35. Bd7 Qb2+ 36. Kg1 f3 37. gxf3 Be5 38. c8Q Qxh2+ 39. Kf1 Bg3 40. Qf8+ Kh5 41. Rd5+ 1-0